Security Architecture of Interconnected Smart Devices, An Analysis of Security Issues with Solution / (Record no. 541049)

000 -LEADER
fixed length control field 00492nam a22001457a 4500
082 ## - DEWEY DECIMAL CLASSIFICATION NUMBER
Classification number 005
100 ## - MAIN ENTRY--PERSONAL NAME
Personal name Javed, Bilal
245 ## - TITLE STATEMENT
Title Security Architecture of Interconnected Smart Devices, An Analysis of Security Issues with Solution /
Statement of responsibility, etc. Bilal Javed
260 ## - PUBLICATION, DISTRIBUTION, ETC.
Place of publication, distribution, etc. Islamabad :
Name of publisher, distributor, etc. MCS - NUST,
Date of publication, distribution, etc. 2017.
300 ## - PHYSICAL DESCRIPTION
Extent 122 p. ;
Dimensions 30cm.
650 ## - SUBJECT ADDED ENTRY--TOPICAL TERM
Topical term or geographic name entry element Computer Science-MS-Thesis
700 ## - ADDED ENTRY--PERSONAL NAME
Personal name Dr. Imran Rashid
942 ## - ADDED ENTRY ELEMENTS (KOHA)
Source of classification or shelving scheme
Koha item type Thesis
650 ## - SUBJECT ADDED ENTRY--TOPICAL TERM
-- 16114
700 ## - ADDED ENTRY--PERSONAL NAME
-- 35026
Holdings
Withdrawn status Lost status Source of classification or shelving scheme Damaged status Not for loan Permanent Location Current Location Shelving location Date acquired Total Checkouts Full call number Barcode Date last seen Price effective from Koha item type
          Central Library (CL) Central Library (CL) Thesis 11/18/2020   005 CL-T-1236 11/18/2020 11/18/2020 Thesis
© 2023 Central Library, National University of Sciences and Technology. All Rights Reserved.